The political economy of contemporary Africa
Saved in:
| Other Authors: | , |
|---|---|
| Format: | Book |
| Language: | English |
| Published: |
Beverly Hills, Calif. :
Sage Publications,
1976.
|
| Series: | (Sage series on African modernization and development ;
1) |
| Subjects: | |
| Tags: |
Add Tag
No Tags, Be the first to tag this record!
|
MARC
| LEADER | 00000cam a2200000 a 4500 | ||
|---|---|---|---|
| 001 | 1/121230 | ||
| 008 | 200410s1976####cau||||||| |||| ||eng|| | ||
| 020 | |a 0803905920 | ||
| 040 | |a GR-MyUa |b gre |c GR-MyUa |e AACR2 | ||
| 041 | 0 | |a eng | |
| 082 | 7 | |a 330.96 |2 (23) | |
| 245 | 0 | 4 | |a The political economy of contemporary Africa / |c Peter C.W. Gutkind and Immanuel Wallerstein, editors. |
| 260 | |a Beverly Hills, Calif. : |b Sage Publications, |c 1976. | ||
| 300 | |a 318 σ. ; |c 23 εκ. | ||
| 490 | 0 | |a (Sage series on African modernization and development ; |v 1) | |
| 651 | 0 | |a Africa |x Economic conditions |y 1960- | |
| 651 | 0 | |a Africa |x Social conditions |y 1960- | |
| 651 | 0 | |a Africa |x Politics and government |y 1960- | |
| 700 | 1 | |a Gutkind, Peter Claus Wolfgang, |e edt | |
| 700 | 1 | |a Wallerstein, Immanuel Maurice |d 1930- |e edt | |
| 852 | |a INST |b LESVOS |e 20200410 |h 330.96 POL |p 005100062511 |q 005100062511 |t BK |y 0 | ||
| 920 | |a Φατούρος Α.-Φραγκουδάκη Α. |y Λέσβος |z 2012-03 | ||
| 970 | |a Δημάκη |b Μαρία |z 10-04-2020 | ||